Personnages de Tintin en images - Statistiques

Statistiques générales
  • Ce quiz a été pris 43 fois
  • Le résultat moyen est 15 sur 28
Statistiques - réponses
Par images Réponse % Correct
Milou
100%
Tintin
100%
Professeur Tournesol
97%
Capitaine Haddock
94%
Dupond et Dupont
91%
Nestor
85%
Roberto Rastapopoulos
85%
Bianca Castafiore
74%
Tchang
74%
Abdallah
62%
Irma
62%
Allan Thompson
59%
Rackham le Rouge
53%
Général Alcazar
47%
Piotr Szut
47%
Rascar Capac
41%
Zorrino
38%
Seraphin Lampion
35%
Oliveira Da Figueira
32%
Général Tapioca
29%
Colonel Boris Jorgen
26%
François de Hadoque
26%
Al Capone
24%
Laszlo Carreidas
24%
Ridgewell
21%
Colonel Sponsz
18%
Professeur Calys
18%
Frank Wolff
15%
Aucun quiz correspondant
Distribution des résultats
% des personnes avec chaque résultat
Percentile par nombre de réponses
Votre historique - résultats
Vous n’avez pas pris ce quiz